000 00648nam a2200277Ia 4500
005 20260324122257.0
008 008 260324s9999 xx 000 0 eng d
020 _a9780429348754
037 _aEBOOK
040 _aCRL
040 _beng
040 _cCRL
041 _2eng
041 _aeng
084 _qCRL
100 _aJeffery W Vail
_91165820
245 4 _aThe Unpublished Letters of Thomas Moore Vol 1
260 _bTaylor and Francis
260 _c2013
365 _a
365 _b205
856 _uhttp://www.taylorfrancis.com/books/9780429348754
942 _cEBOOK
999 _c1758426
_d1758426